[Event "Tourn. n8498"]
[Site "www.chess-mail.com"]
[Date "2015.12.22"]
[Round "1"]
[White "Krystek231"]
[Black "Expert"]
[WhiteElo "1960"]
[BlackElo "1840"]
[Result "0-1"]
[Round "1"]
1.c4 f5
2.Ng1f3 Ng8f6
3.Nb1c3 g6
4.e3 Bf8g7
5.d4 d6
6.Bf1d3 O-O
7.O-O c6
8.b3 Qd8e8
 { time }
0-1

[Event "Tourn. n8514"]
[Site "www.chess-mail.com"]
[Date "2015.12.22"]
[Round "1"]
[White "Julian"]
[Black "Amaya"]
[WhiteElo "1930"]
[BlackElo "2000"]
[Result "1-0"]
[Round "1"]
1.e4 e6
2.d4 d5
3.e5 c5
4.c3 Nb8c6
5.Ng1f3 cxd4
6.cxd4 Bf8b4
7.Nb1c3 Ng8e7
8.Bf1d3 Qd8b6
9.O-O Bc8d7
10.Nc3a4 Qb6a5
11.a3 Bb4xa3
12.Ra1xa3 Qa5d8
13.Bc1g5 O-O
14.Na4c5 b6
15.Nc5xd7 Qd8xd7
16.Qd1c2 Nc6b4
17.Bd3xh7 Kh8
18.Qc2b1 g6
19.Bg5xe7 Qd7xe7
20.Bh7xg6 fxg6
21.Qb1xg6 Qe7g7
22.Qg6xe6 Rf8xf3
23.Ra3xf3 Nb4c2
24.Rf3h3 { resign }
1-0

[Event "Tourn. n8488"]
[Site "www.chess-mail.com"]
[Date "2015.12.22"]
[Round "1"]
[White "Lena"]
[Black "Cal"]
[WhiteElo "1390"]
[BlackElo "1189"]
[Result "0-1"]
[Round "1"]
1.e4 e5
2.Ng1f3 d6
3.d4 exd4
4.Nf3xd4 h6
5.Nb1c3 Ng8f6
6.Bf1e2 a6
7.O-O c5
8.Nd4b3 Bf8e7
9.Bc1f4 O-O
10.h3 Bc8e6
{ resign }
0-1

[Event "Tourn. n8488"]
[Site "www.chess-mail.com"]
[Date "2015.12.22"]
[Round "1"]
[White "Hansen"]
[Black "Lena"]
[WhiteElo "1480"]
[BlackElo "1390"]
[Result "1-0"]
[Round "1"]
1.e4 e5
2.Ng1f3 Nb8c6
3.Bf1b5 Ng8f6
4.Bb5xc6 dxc6
5.Nf3xe5 Qd8d4
6.Ne5d3 Qd4xe4
7.Kf1 Bc8f5
8.Nb1c3 Qe4d4
9.Nd3e1 O-O-O
10.Ne1f3 Qd4d7
11.h3 Bf8c5
12.g4 { resign }
1-0

[Event "Tourn. n8519"]
[Site "www.chess-mail.com"]
[Date "2015.12.22"]
[Round "1"]
[White "Expert"]
[Black "Badshahc"]
[WhiteElo "1890"]
[BlackElo "1649"]
[Result "0-1"]
[Round "1"]
1.e4 c5
2.Ng1f3 Nb8c6
3.Bf1b5 a6
4.Bb5xc6 dxc6
5.d4 cxd4
6.Qd1xd4 Qd8xd4
7.Nf3xd4 Ng8f6
8.f3 { time. }
0-1

[Event "Tourn. n8536"]
[Site "www.chess-mail.com"]
[Date "2015.12.22"]
[Round "1"]
[White "Amaya"]
[Black "Bojan"]
[WhiteElo "2060"]
[BlackElo "2030"]
[Result "0-1"]
[Round "1"]
1.e4 e5
2.Ng1f3 Nb8c6
3.Bf1b5 d6
4.d3 Bc8d7
5.O-O a6
6.Bb5a4 b5
7.Ba4b3 Nc6a5
8.c3 c5
9.d4 Na5xb3
10.Qd1xb3 Bd7g4
11.Nf3g5 c4
12.Qb3c2 h6
13.Ng5xf7 Kxf7
14.f3 Bg4h5
15.f4 exf4
16.Bc1xf4 Bf8e7
17.Bf4xd6 Ke8
18.Bd6e5 Ng8f6
19.Nb1d2 Rh8f8
20.Be5xf6 Be7xf6
21.e5 Bf6g5
22.Nd2e4 Bg5e3
23.Kh1 Bh5g6
24.Qc2e2 Bg6xe4
25.Qe2xe3 Qd8d5
26.Rf1xf8 Kxf8
27.Qe3f4 Kg8
28.Ra1g1 Ra8f8
29.Qf4g3 Rf8f5
30.Qg3g6 Rf5g5
{ resign }
0-1

[Event "Tourn. n8359"]
[Site "www.chess-mail.com"]
[Date "2015.12.22"]
[Round "1"]
[White "Nimzo"]
[Black "Asoka"]
[WhiteElo "2790"]
[BlackElo "2650"]
[Result "1/2-1/2"]
[Round "1"]
1.d4 d5
2.c4 dxc4
3.e3 e5
4.Bf1xc4 exd4
5.exd4 Bf8d6
6.Ng1f3 Ng8f6
7.O-O O-O
8.h3 Nb8c6
9.Nb1c3 h6
10.Qd1c2 Nc6b4
11.Qc2b1 c6
12.Bc1xh6 gxh6
13.Qb1g6 Kh8
14.Qg6xh6 Nf6h7
15.Nc3e4 Bd6e7
16.Nf3e5 Qd8xd4
17.Ne5xf7 Rf8xf7
18.Bc4xf7 Bc8f5
19.Ne4g3 Bf5d3
20.Ra1d1 Qd4f6
21.Qh6xf6 Be7xf6
22.Rf1e1 Ra8f8
23.Bf7h5 Bf6xb2
24.Re1e3 Bb2d4
25.Re3f3 Rf8xf3
26.Bh5xf3 Bd4b2
27.Bf3e2 Bd3xe2
28.Rd1d8 Nh7f8
29.Rd8xf8 Kg7
30.Rf8f4 Nb4d5
31.Ng3xe2 Nd5xf4
32.Ne2xf4 Kf6
33.g4 c5
34.Kg2 c4
35.h4 Ke5
36.Kf3 b5
37.h5 Bb2c1
38.Nf4g6 Kf6
39.Ke2 Kg5
40.Kd1 Bc1b2
41.f3 b4
42.Ng6f8 Kf4
43.Nf8e6 Kxf3
{ draw }
1/2-1/2

[Event "Tourn. n8547"]
[Site "www.chess-mail.com"]
[Date "2015.12.22"]
[Round "1"]
[White "Tonino1"]
[Black "Guidom"]
[WhiteElo "2040"]
[BlackElo "2090"]
[Result "0-1"]
[Round "1"]
1.d4 d5
2.Ng1f3 c6
3.e3 Bc8f5
4.Bf1d3 Bf5g6
5.Nf3e5 e6
6.Ne5xg6 hxg6
7.O-O Bf8d6
8.b3 Bd6xh2
9.Kh1 Bh2f4
10.Kg1 Rh8h1
11.Kxh1 Qd8h4
{ resign }
0-1

[Event "Tourn. n8415"]
[Site "www.chess-mail.com"]
[Date "2015.12.22"]
[Round "1"]
[White "Bojan"]
[Black "Falcoale"]
[WhiteElo "1890"]
[BlackElo "1910"]
[Result "1-0"]
[Round "1"]
1.e4 c5
2.Bf1c4 e6
3.Nb1c3 Nb8c6
4.Ng1h3 a6
5.a3 b5
6.Bc4e2 Ng8f6
7.f4 Bc8b7
8.e5 Nf6g8
9.Be2f3 Ra8b8
10.d3 Ng8e7
11.Bc1d2 Nc6d4
12.Bf3xb7 Rb8xb7
13.Nc3e4 Ne7f5
14.g3 d5
15.Ne4g5 h6
16.Ng5f3 c4
17.Bd2c3 Nf5e3
18.Qd1d2 Nd4xf3
19.Ke2 Nf3xd2
20.Kxe3 Nd2b3
21.cxb3 cxb3
22.Rh1d1 Bf8c5
23.d4 Bc5a7
24.Nh3f2 O-O
25.Ra1c1 f6
26.Nf2d3 Qd8e7
27.Bc3b4 Qe7d8
28.Bb4xf8 Qd8xf8
29.Rc1c6 fxe5
30.Nd3xe5 Qf8e8
31.Rd1c1 Qe8h5
32.Rc6xe6 Qh5xh2
33.Rc1c8 Kh7
34.Re6e8 Qh2xg3
35.Ke2 Qg3g2
36.Ke1 Qg2g3
37.Ke2 g5
38.Re8h8 Kg7
39.Rc8g8 Kf6
40.Rh8xh6 Kf5
41.Rg8xg5 Qg3xg5
42.fxg5 Ba7xd4
43.Ne5f3 Rb7e7
44.Kd3 Bd4xb2
45.Rh6xa6 d4
46.Ra6f6 Kg4
47.g6 Re7e3
48.Kd2 Re3xf3
49.Rf6xf3 d3
50.Rf3xd3 Kg5
51.Rd3xb3 { resign }
1-0

[Event "Tourn. n8484"]
[Site "www.chess-mail.com"]
[Date "2015.12.22"]
[Round "1"]
[White "Osopanda"]
[Black "Iko"]
[WhiteElo "1810"]
[BlackElo "1700"]
[Result "1-0"]
[Round "1"]
1.c4 c5
2.Ng1f3 Nb8c6
3.d4 b6
4.d5 Nc6b4
5.a3 Nb4a6
6.e4 Ng8f6
7.Bf1d3 d6
8.Nb1c3 e5
9.O-O Bf8e7
10.Ra1b1 O-O
11.b4 Nf6g4
12.h3 Ng4h6
13.Bc1xh6 gxh6
14.Qd1d2 Be7g5
15.Nf3xg5 hxg5
16.Nc3e2 g4
17.hxg4 Bc8xg4
18.f3 Bg4d7
19.Qd2h6 Bd7a4
20.Kf2 f6
21.f4 cxb4
22.axb4 exf4
23.Ne2xf4 Qd8d7
24.Nf4e6 Na6c7
25.Rf1h1 Nc7xe6
26.dxe6 Qd7xe6
27.Qh6xh7 
1-0

[Event "Match"]
[Site "www.echecsemail.com"]
[Date "2015.12.22"]
[Round "1"]
[White "Tonino1"]
[Black "Pare123"]
[WhiteElo "1990"]
[BlackElo "1930"]
[Result "1-0"]
[Round "1"]
1.d4 e6
2.Ng1f3 Ng8f6
3.e3 Bf8d6
4.Bf1d3 b6
5.b3 Bc8b7
6.Bc1b2 Nb8c6
7.a3 Nc6e7
8.Nb1d2 Ne7f5
9.e4 Nf6xe4
10.Nd2xe4 O-O
11.O-O Rf8e8
12.Ne4xd6 Nf5xd6
13.Nf3e5 f6
14.Qd1h5 fxe5
15.Qh5xh7 Kf8
16.dxe5 Nd6f7
17.f4 Nf7h6
18.f5 Nh6f7
19.f6 gxf6
20.exf6 { resign }
1-0

[Event "Match"]
[Site "www.echecsemail.com"]
[Date "2015.12.22"]
[Round "1"]
[White "Tonino1"]
[Black "Heiserman"]
[WhiteElo "1990"]
[BlackElo "2150"]
[Result "0-1"]
[Round "1"]
1.d4 Ng8f6
2.Ng1f3 g6
3.e3 Bf8g7
4.Bf1d3 O-O
5.b3 d6
6.Bc1b2 Nb8d7
7.Nb1d2 b6
8.O-O Bc8b7
9.c4 Ra8c8
10.Qd1e2 Rf8e8
11.e4 e5
12.d5 Nd7c5
13.Bd3c2 c6
14.Nf3e1 cxd5
15.exd5 b5
16.Ra1c1 bxc4
17.bxc4 Bb7a6
18.f3 Nf6xd5
19.Ne1d3 Nd5f4
20.Nd3xf4 exf4
{ resign }
0-1

[Event "1/64 Finale"]
[Site "www.chess-mail.com"]
[Date "2015.12.22"]
[Round "1"]
[White "Bevittsmith"]
[Black "Chessmith19"]
[WhiteElo "2270"]
[BlackElo "2610"]
[Result "1-0"]
[Round "1"]
1.e4 e5
2.Ng1f3 Nb8c6
3.Bf1b5 a6
4.Bb5a4 Ng8f6
5.O-O b5
6.Ba4b3 d6
7.h3 Nc6a5
8.d3 Bf8e7
9.Nb1d2 c5
10.c4 h6
11.Bb3c2 O-O
12.b3 Na5c6
13.Rf1e1 Nf6h7
14.Nd2f1 Nh7g5
15.Nf1h2 Ng5e6
16.Bc1e3 f5
17.exf5 Rf8xf5
18.d4 Ne6xd4
19.Bc2xf5  { time }
1-0

[Event "1/64 Finale"]
[Site "www.chess-mail.com"]
[Date "2015.12.22"]
[Round "1"]
[White "Guidom"]
[Black "Karpawn"]
[WhiteElo "2040"]
[BlackElo "1499"]
[Result "0-1"]
[Round "1"]
1.e4 c5
2.Ng1f3 d6
3.d4 cxd4
4.Nf3xd4 Ng8f6
5.Nb1c3 g6
6.Bc1g5 Bf8g7
7.Bf1c4 O-O
8.O-O Nb8c6
9.Nd4xc6 bxc6
10.Bc4b3 Nf6g4
11.Qd1d2 h6
12.Bg5h4 Bc8a6
13.Rf1e1 Ng4e5
14.f4 Ne5c4
15.Bb3xc4 Ba6xc4
16.f5 Qd8b6
17.Kh1 Qb6xb2
18.f6 exf6
19.Ra1b1 Qb2a3
20.Re1e3 Rf8e8
21.Rb1b7 Qa3a6
22.Rb7b1 d5
23.exd5 Re8xe3
24.Qd2xe3 cxd5
25.a4 f5
26.Nc3b5 Qa6xa4
27.Nb5d6 Bc4a2
{ resign }
0-1

[Event "Eq:Equipo Juan Diaz-Slap Shot Mates : "]
[Site "www.chess-mail.com"]
[Date "2015.12.22"]
[Round "1"]
[White "Naujzaid"]
[Black "Geodad5"]
[WhiteElo "1900"]
[BlackElo "2200"]
[Result "1-0"]
[Round "1"]
1.d4 d5
2.c4 e6
3.Nb1c3 Ng8f6
4.cxd5 exd5
5.Bc1g5 Bf8e7
6.e3 O-O
7.Bf1d3 c6
8.Qd1c2 h6
9.Bg5h4 Bc8e6
10.Ng1f3 Nb8d7
11.O-O Ra8c8
12.a3 c5
13.Bd3f5 Nf6e4
14.Bh4xe7 Qd8xe7
15.Bf5xe4 dxe4
16.Qc2xe4 Nd7f6
17.Qe4h4 cxd4
18.Nf3xd4 Rf8d8
19.Ra1c1 a6
20.h3 Rc8c7
21.Rf1d1 Rc7d7
22.Nd4xe6 Qe7xe6
23.Qh4b4 b5
24.Rd1xd7 Rd8xd7
25.a4 bxa4
26.Qb4xa4 Qe6b6
27.Nc3e4 Rd7d6
28.Ne4xd6 Qb6xd6
29.Rc1c8 Kh7
30.Qa4c2 g6
31.Rc8c6 Qd6e7
32.Rc6xa6 Nf6d5
33.Qc2c4 Nd5f6
34.Ra6c6 Kg7
35.Qc4c3 h5
36.Kf1 { resign }
1-0

[Event "Eq:La Taverne-Good team : "]
[Site "www.chess-mail.com"]
[Date "2015.12.22"]
[Round "1"]
[White "Guidom"]
[Black "Rons"]
[WhiteElo "2050"]
[BlackElo "2600"]
[Result "0-1"]
[Round "1"]
1.e4 c5
2.Ng1f3 d6
3.c4 Bc8g4
4.d3 Bg4xf3
5.Qd1xf3 Nb8c6
6.Nb1c3 Ng8f6
7.Bc1g5 e6
8.Bg5xf6 Qd8xf6
9.Qf3xf6 gxf6
10.Bf1e2 Bf8g7
11.Kd2 Bg7h6
12.Kd1 a6
13.g3 Ra8b8
14.f4 b5
15.b3 b4
16.Nc3b1 f5
17.Be2f3 Bh6g7
18.e5 Nc6xe5
19.fxe5 Bg7xe5
20.Nb1c3 Be5xc3
21.Ra1b1 h5
22.h3 Bc3e5
23.Rh1g1 Ke7
24.Ke2 Rb8g8
25.g4 hxg4
26.hxg4 Rh8h2
27.Kf1 Be5d4
28.Rg1g3 f4
{ resign }
0-1

[Event "Fast Game"]
[Site "www.echecsemail.com"]
[Date "2015.12.22"]
[Round "1"]
[White "Faerieking"]
[Black "Fkarpov"]
[WhiteElo "1859"]
[BlackElo "1840"]
[Result "0-1"]
[Round "1"]
1.e4 e5
2.d4 exd4
3.c3 dxc3
4.Nb1xc3 Bf8d6
5.Bf1c4 Ng8e7
6.Bc1g5 Nb8c6
7.Qd1h5 Nc6e5
8.Bc4b3 O-O
9.O-O-O Bd6c5
10.Ng1h3 Ne5g6
11.Rd1d5 d6
12.Rh1d1 Bc8xh3
13.Qh5xh3 Qd8c8
14.Rd5f5 Ne7xf5
15.exf5 Ng6e5
16.Nc3e4 Rf8e8
17.g4 b6
18.f4 Ne5d7
19.Ne4xc5 Nd7xc5
20.f6 Nc5xb3
21.axb3 Qc8a6
22.Kb1 Qa6e2
23.Rd1c1 Re8e3
24.Qh3h5 Re3xb3
25.Rc1c2 Qe2d1
26.Rc2c1 Qd1d3
{ resign }
0-1

[Event "Fast Game"]
[Site "www.echecsemail.com"]
[Date "2015.12.22"]
[Round "1"]
[White "Tonino1"]
[Black "Maredocla"]
[WhiteElo "1900"]
[BlackElo "1940"]
[Result "0-1"]
[Round "1"]
1.d4 d5
2.Ng1f3 Nb8c6
3.e3 Bc8g4
4.Nb1d2 a6
5.b3 g6
6.Bc1b2 Bf8g7
7.a3 e5
8.dxe5 Bg7xe5
9.Bb2xe5 Nc6xe5
10.Bf1e2 Qd8f6
11.O-O O-O-O
12.Nf3xe5 Bg4xe2
13.Qd1xe2 Qf6xe5
14.f4 Qe5e7
15.c4 d4
16.e4 Qe7c5
17.e5 Ng8e7
18.Nd2e4 Qc5b6
19.Qe2d3 Ne7f5
20.c5 Qb6c6
21.b4 Nf5e3
22.Rf1b1 f5
23.exf6 Rh8e8
24.Ne4d6 cxd6
25.Ra1a2 dxc5
26.Rb1c1 Qc6xf6
27.Rc1xc5 Kb8
28.g3 Ne3d5
29.b5 axb5
30.Qd3xb5 Nd5c3
31.Qb5a5 Qf6e7
32.Rc5e5 Qe7c7
33.Qa5xc7 Kxc7
34.Re5xe8 Nc3xa2
35.Re8e7 Rd8d7
36.Re7e2 Na2c3
37.Re2d2 b5
38.Kf1 Kc6
39.Rd2d3 Kc5
40.Ke1 Kc4
41.Kd2 Kb3
42.h4 Kxa3
43.Kc2 b4
44.g4 b3
{ resign }
0-1

[Event "Fast Game"]
[Site "www.echecsemail.com"]
[Date "2015.12.22"]
[Round "1"]
[White "Goosebumps"]
[Black "Tonino1"]
[WhiteElo "1880"]
[BlackElo "1900"]
[Result "1-0"]
[Round "1"]
1.e4 c5
2.Nb1c3 e6
3.Ng1f3 d5
4.d4 cxd4
5.Nf3xd4 dxe4
6.Nc3xe4 e5
7.Nd4b5 Qd8xd1
8.Kxd1 Nb8a6
9.Bf1c4 Ng8h6
10.Bc1xh6 gxh6
11.Nb5d6 Bf8xd6
12.Ne4xd6 Ke7
13.Nd6xf7 Rh8g8
14.g3 Bc8g4
15.Ke1 Rg8e8
16.Nf7xe5 Kf6
17.f4 Na6b4
18.Kf2 Bg4f5
19.c3 Nb4c6
20.Ne5xc6 bxc6
21.Ra1d1 Ra8d8
22.Rh1e1 Re8xe1
23.Kxe1 Rd8e8
24.Kf2 Bf5e4
25.Rd1d6 Kg7
26.Rd6d7 Kh8
27.Rd7xa7 { resign }
1-0

[Event "Tourn. n8479"]
[Site "www.chess-mail.com"]
[Date "2015.12.23"]
[Round "1"]
[White "Billyg"]
[Black "Inez"]
[WhiteElo "1640"]
[BlackElo "1500"]
[Result "1-0"]
[Round "1"]
1.e4 e6
2.Ng1f3 d5
3.exd5 exd5
4.Bf1b5 c6
5.Bb5a4 Bf8d6
6.O-O Ng8e7
7.Rf1e1 O-O
8.d4 Bc8g4
9.h3 Bg4h5
10.g4 Bh5g6
11.Bc1g5 f6
12.Bg5h4 Qd8c7
13.Nb1d2 Nb8d7
14.c4 Rf8e8
15.Ba4b3 Bg6f7
16.Ra1c1 { resign }
1-0

[Event "Tourn. n8496"]
[Site "www.chess-mail.com"]
[Date "2015.12.23"]
[Round "1"]
[White "Traub"]
[Black "Falcoale"]
[WhiteElo "1670"]
[BlackElo "1900"]
[Result "0-1"]
[Round "1"]
1.d4 Ng8f6
2.c4 e6
3.Nb1c3 b6
4.Ng1f3 Bc8b7
5.e3 Nf6e4
6.Qd1c2 Ne4xc3
7.bxc3 Bb7xf3
8.gxf3 d5
9.cxd5 exd5
10.e4 { time. }
0-1

[Event "Tourn. n8503"]
[Site "www.chess-mail.com"]
[Date "2015.12.23"]
[Round "1"]
[White "Gatrooper"]
[Black "Feli"]
[WhiteElo "1580"]
[BlackElo "1420"]
[Result "1-0"]
[Round "1"]
1.e4 e5
2.a3 Ng8f6
3.Nb1c3 Bf8e7
4.h3 O-O
5.Ng1f3 d6
6.d3 Nb8d7
7.Bc1d2 c6
8.Nf3g5 h6
9.Ng5f3 b5
10.Bf1e2 a6
11.g3 { resign }
1-0

[Event "Tourn. n8489"]
[Site "www.chess-mail.com"]
[Date "2015.12.23"]
[Round "1"]
[White "Jhw"]
[Black "Osopanda"]
[WhiteElo "1960"]
[BlackElo "1810"]
[Result "0-1"]
[Round "1"]
1.b4 e5
2.c3 d5
3.d4 e4
4.f3 Ng8f6
5.Bc1g5 Bf8e7
6.fxe4 Nf6xe4
7.Bg5xe7 Qd8xe7
8.a4 O-O
9.Ng1f3 Nb8c6
10.b5 Nc6d8
11.Qd1b3 Bc8e6
12.Nb1d2 a6
13.bxa6 Ra8xa6
14.Qb3xb7 Nd8xb7
{ resign }
0-1

[Event "Tourn. n8444"]
[Site "www.chess-mail.com"]
[Date "2015.12.23"]
[Round "1"]
[White "Wwgia"]
[Black "Asoka"]
[WhiteElo "2200"]
[BlackElo "2650"]
[Result "0-1"]
[Round "1"]
1.d4 d5
2.c4 c6
3.Nb1c3 dxc4
4.e3 Bc8e6
5.Ng1f3 b5
6.Nf3g5 Be6d7
7.g3 e5
8.Ng5f3 exd4
9.exd4 Bf8d6
10.Bf1g2 Ng8e7
11.O-O Bd7f5
12.Nf3h4 Bf5d3
13.Rf1e1 O-O
14.Nc3xb5 cxb5
15.Bg2xa8 Nb8c6
16.Ba8b7 Nc6xd4
17.Bb7g2 Nd4c2
18.Bc1g5 Nc2xe1
19.Qd1xe1 h6
20.Bg5e3 g5
21.Nh4f3 Ne7f5
22.Be3xa7 Rf8e8
23.Qe1c3 b4
24.Qc3d2 Re8e2
25.Qd2d1 Qd8a5
26.Ba7e3 Nf5xe3
27.fxe3 Qa5a7
28.Nf3d4 Re2xe3
{ resign }
0-1

[Event "Tourn. n8488"]
[Site "www.chess-mail.com"]
[Date "2015.12.23"]
[Round "1"]
[White "Osmundw"]
[Black "Lena"]
[WhiteElo "1430"]
[BlackElo "1390"]
[Result "1-0"]
[Round "1"]
1.e4 e5
2.b3 Ng8f6
3.d3 d5
4.c4 dxe4
5.dxe4 Qd8xd1
6.Kxd1 Nf6xe4
7.Bf1d3 Ne4xf2
8.Ke1 Nf2xd3
9.Kd2 Nd3f2
10.Ng1f3 Nf2xh1
11.Nb1c3 { resign }
1-0

[Event "Tourn. n8479"]
[Site "www.chess-mail.com"]
[Date "2015.12.23"]
[Round "1"]
[White "Gatrooper"]
[Black "Inez"]
[WhiteElo "1530"]
[BlackElo "1500"]
[Result "1-0"]
[Round "1"]
1.e4 e6
2.d4 d5
3.e5 c5
4.dxc5 Nb8c6
5.Ng1f3 Bf8xc5
6.Bc1e3 Bc5xe3
7.fxe3 Qd8b6
8.Nb1d2 Qb6xe3
9.Qd1e2 Qe3xe2
10.Bf1xe2 a6
11.Nd2b3 Ng8e7
12.Nb3c5 Ne7g6
13.O-O-O Ng6xe5
14.Nf3xe5 Nc6xe5
15.Rd1e1 Ne5d7
16.Nc5a4 { resign }
1-0

[Event "Tourn. n8487"]
[Site "www.chess-mail.com"]
[Date "2015.12.23"]
[Round "1"]
[White "Luban"]
[Black "Expert"]
[WhiteElo "2030"]
[BlackElo "1840"]
[Result "1/2-1/2"]
[Round "1"]
1.d4 Ng8f6
2.c4 c5
3.e3 e6
4.Ng1f3 d5
5.Nb1c3 a6
6.Bf1d3 Nb8c6
7.a3 dxc4
8.Bd3xc4 b5
9.Bc4d3 cxd4
10.Nf3xd4 Nc6xd4
11.exd4 Bf8e7
12.O-O O-O
13.Bc1e3 Bc8b7
14.f3 Nf6d5
15.Nc3xd5 Bb7xd5
16.Bd3e4 Ra8c8
17.Qd1d2 Be7f6
18.Ra1c1 Rc8xc1
19.Rf1xc1 Qd8d7
{ draw }
1/2-1/2

[Event "Tourn. n8501"]
[Site "www.chess-mail.com"]
[Date "2015.12.23"]
[Round "1"]
[White "Lino"]
[Black "Genius7"]
[WhiteElo "2230"]
[BlackElo "2020"]
[Result "1-0"]
[Round "1"]
1.e4 e5
2.Ng1f3 Ng8f6
3.Nf3xe5 d6
4.Ne5f3 Nf6xe4
5.d4 d5
6.Bf1d3 Bf8e7
7.O-O Nb8c6
8.Nb1c3 Ne4xc3
9.bxc3 O-O
10.h3 Be7f6
11.Rf1e1 Nc6e7
12.Nf3e5 Bf6xe5
13.Re1xe5 Ne7g6
14.Qd1h5 c6
15.Re5e1 Qd8d6
16.a4 Bc8d7
17.Bc1a3 { resign }
1-0

[Event "Tourn. n8509"]
[Site "www.chess-mail.com"]
[Date "2015.12.23"]
[Round "1"]
[White "Luban"]
[Black "Skarr"]
[WhiteElo "1980"]
[BlackElo "1809"]
[Result "1-0"]
[Round "1"]
1.d4 e6
2.c4 d5
3.e3 Ng8f6
4.a3 c6
5.Nb1c3 Nb8d7
6.Ng1f3 Bf8d6
7.Bf1d3 O-O
8.O-O e5
9.cxd5 cxd5
10.dxe5 Nd7xe5
11.Nf3xe5 Bd6xe5
12.Bc1d2 { resign }
1-0

[Event "Tourn. n8509"]
[Site "www.chess-mail.com"]
[Date "2015.12.23"]
[Round "1"]
[White "Julian"]
[Black "Skarr"]
[WhiteElo "1930"]
[BlackElo "1809"]
[Result "1-0"]
[Round "1"]
1.e4 e6
2.d4 d5
3.e5 c5
4.c3 Nb8c6
5.Ng1f3 Bc8d7
6.Bf1d3 cxd4
7.cxd4 Qd8b6
8.Bd3c2 Nc6b4
9.Bc2b3 Qb6a6
10.Bc1g5 Nb4d3
11.Kf1 Nd3xb2
12.Qd1e2 { resign }
1-0

[Event "Tourn. n8523"]
[Site "www.chess-mail.com"]
[Date "2015.12.23"]
[Round "1"]
[White "Tonino1"]
[Black "Guidom"]
[WhiteElo "1990"]
[BlackElo "2050"]
[Result "0-1"]
[Round "1"]
1.d4 d5
2.Ng1f3 c6
3.e3 Bc8g4
4.Bf1d3 e6
5.Nb1d2 Bf8d6
6.O-O Ng8f6
7.h3 Bg4h5
8.g4 Bh5g6
9.Bd3xg6 hxg6
10.Kg2 Nb8d7
11.Rf1h1 Qd8e7
12.Qd1e2 e5
13.dxe5 Nd7xe5
14.Nf3xe5 Bd6xe5
15.Nd2f3 Nf6e4
16.Nf3xe5 Qe7xe5
17.Ra1b1 Ne4g5
18.b3 Qe5e4
19.f3 Ng5xf3
20.Qe2xf3 Qe4xc2
21.Qf3f2 Qc2xb1
22.Rh1f1 Qb1e4
23.Kh2 f6
24.Qf2e2 O-O-O
25.Rf1f4 Qe4e6
26.Bc1b2 Rd8e8
27.Bb2d4 g5
28.Rf4f5 b6
29.Qe2a6 Kb8
30.Bd4xb6 Qe6d6
31.Kh1 axb6
32.Qa6xb6 Kc8
33.Qb6a6 Kd7
34.Qa6a7 Qd6c7
35.Qa7c5 Rh8xh3
36.Kg1 Qc7g3
37.Kf1 Rh3h1
38.Ke2 Qg3xg4
39.Rf5f3 Rh1h2
40.Kd3 Qg4xf3
41.Qc5a7 Ke6
42.Qa7c7 Qf3e4
43.Kc3 Rh2c2
{ resign }
0-1

[Event "Tourn. n8509"]
[Site "www.chess-mail.com"]
[Date "2015.12.23"]
[Round "1"]
[White "Skarr"]
[Black "Bojan"]
[WhiteElo "1809"]
[BlackElo "2040"]
[Result "0-1"]
[Round "1"]
1.e4 e5
2.Ng1f3 d6
3.d4 exd4
4.Nf3xd4 Bf8e7
5.Nb1c3 Bc8d7
6.g3 Nb8c6
7.Bf1g2 Nc6e5
8.f4 Ne5c6
9.O-O Nc6xd4
10.Qd1xd4 f6
11.f5 c6
12.Bc1f4 Qd8b6
13.Qd4xb6 axb6
{ resign }
0-1

[Event "Tourn. n8521"]
[Site "www.chess-mail.com"]
[Date "2015.12.23"]
[Round "1"]
[White "Skarr"]
[Black "Estonia"]
[WhiteElo "1809"]
[BlackElo "1950"]
[Result "0-1"]
[Round "1"]
1.d4 Ng8f6
2.c4 e6
3.Nb1c3 d5
4.cxd5 Nf6xd5
5.e4 Nd5b6
6.Ng1f3 Bf8b4
7.Bf1d3 Nb8c6
8.O-O O-O
9.Bc1e3 Bc8d7
10.Qd1e2 Bb4xc3
11.bxc3 Nc6e7
{ resign }
0-1

[Event "Tourn. n8479"]
[Site "www.chess-mail.com"]
[Date "2015.12.23"]
[Round "1"]
[White "Inez"]
[Black "Osmundw"]
[WhiteElo "1500"]
[BlackElo "1520"]
[Result "0-1"]
[Round "1"]
1.d4 e6
2.e4 d5
3.Nb1d2 f5
4.exf5 exf5
5.Nd2f3 Bf8b4
6.c3 Bb4e7
7.Bf1d3 c6
8.Qd1c2 Be7h4
9.Bd3xf5 Bh4xf2
10.Kxf2 Bc8xf5
11.Qc2xf5 Ng8e7
12.Qf5e6 Qd8c7
13.Bc1g5 Kd8
{ resign }
0-1

[Event "Tourn. n8509"]
[Site "www.chess-mail.com"]
[Date "2015.12.23"]
[Round "1"]
[White "Skarr"]
[Black "Cardiff"]
[WhiteElo "1809"]
[BlackElo "1950"]
[Result "0-1"]
[Round "1"]
1.d4 d5
2.c4 e6
3.Nb1c3 c5
4.cxd5 cxd4
5.Qd1a4 Bc8d7
6.Qa4xd4 exd5
7.Qd4xd5 Nb8c6
8.Ng1f3 Ng8f6
9.Qd5d1 Bf8c5
{ resign }
0-1

[Event "Tourn. n8503"]
[Site "www.chess-mail.com"]
[Date "2015.12.23"]
[Round "1"]
[White "Sonny1000"]
[Black "Feli"]
[WhiteElo "1689"]
[BlackElo "1420"]
[Result "1-0"]
[Round "1"]
1.e4 e5
2.c3 d5
3.Ng1f3 Nb8c6
4.Bf1c4 dxc4
5.d4 cxd3
6.Qd1d2 Ng8f6
7.b4 Nf6xe4
8.Qd2e3 Ne4d6
9.Qe3xd3 Bf8e7
10.Nb1d2 Bc8f5
11.Qd3d5 { resign }
1-0

[Event "Tourn. n8467"]
[Site "www.chess-mail.com"]
[Date "2015.12.23"]
[Round "1"]
[White "Falcoale"]
[Black "Dulap"]
[WhiteElo "1890"]
[BlackElo "1680"]
[Result "0-1"]
[Round "1"]
1.e4 e5
2.Ng1f3 Nb8c6
3.b3 Ng8f6
4.Nb1c3 Bf8e7
5.Bf1d3 d6
6.h3 O-O
7.O-O Bc8e6
8.Nc3e2 Nc6b4
9.Bc1b2 Nb4xd3
10.cxd3 Qd8d7
11.Nf3g5 Ra8d8
12.f4 exf4
13.Ne2xf4 h6
14.Ng5xe6 fxe6
15.Nf4g6 Rf8e8
16.Ng6xe7 Qd7xe7
17.Qd1f3 Re8f8
18.Qf3e3 e5
19.Qe3xa7 b6
20.Qa7a4 Nf6h5
21.Qa4c4 Kh8
22.Rf1f2 Rf8xf2
23.Kxf2 Rd8f8
24.Kg1 c5
25.Bb2a3 Qe7f6
26.b4 Qf6f2
27.Kh1 Qf2xd2
28.Ba3c1 Qd2e1
29.Kh2 Qe1g3
30.Kg1 Rf8f2
{ resign }
0-1

[Event "Tourn. n8503"]
[Site "www.chess-mail.com"]
[Date "2015.12.23"]
[Round "1"]
[White "Feli"]
[Black "Easychess"]
[WhiteElo "1420"]
[BlackElo "1630"]
[Result "0-1"]
[Round "1"]
1.e4 e5
2.Ng1f3 Nb8c6
3.d4 exd4
4.Nf3xd4 Ng8f6
5.Nd4xc6 bxc6
6.e5 Qd8e7
7.Qd1e2 Nf6d5
8.c4 Bc8a6
{ resign }
0-1

[Event "Tourn. n8428"]
[Site "www.chess-mail.com"]
[Date "2015.12.23"]
[Round "1"]
[White "Cardiff"]
[Black "Azulmarino"]
[WhiteElo "1780"]
[BlackElo "1740"]
[Result "1-0"]
[Round "1"]
1.c4 e5
2.Nb1c3 c5
3.d3 d6
4.g3 Bc8g4
5.Bf1g2 Bg4c8
6.Bg2f3 Ng8f6
7.Bf3g2 a6
8.Ng1f3 h6
9.O-O Bc8g4
10.h3 Bg4h5
11.g4 Bh5g6
12.e4 Nb8c6
13.Nc3d5 Nf6xd5
14.cxd5 Nc6d4
15.Nf3xd4 cxd4
16.f4 f6
17.fxe5 dxe5
18.Qd1b3 b5
19.Bc1d2 Bg6f7
20.a4 g5
21.axb5 Bf8d6
22.Ra1xa6 Ra8b8
23.Ra6a7 O-O
24.Rf1a1 Qd8b6
25.Ra1a6 Qb6c5
26.b6 Bd6c7
27.Ra7xc7 Qc5d6
28.Bd2b4 Qd6d8
29.Bb4xf8 Qd8xf8
30.Ra6a7 Qf8d6
31.Rc7xf7 Rb8xb6
32.Rf7g7 Kh8
33.Rg7c7 Kg8
34.Rc7c8 Qd6f8
35.Rc8xf8 Kxf8
36.Qb3xb6 { resign }
1-0

[Event "Tourn. n8434"]
[Site "www.chess-mail.com"]
[Date "2015.12.23"]
[Round "1"]
[White "Osopanda"]
[Black "Cardiff"]
[WhiteElo "1860"]
[BlackElo "1800"]
[Result "0-1"]
[Round "1"]
1.c4 g6
2.d4 Bf8g7
3.e4 d6
4.f4 Ng8f6
5.Nb1c3 c6
6.Ng1f3 O-O
7.Bf1d3 Bc8g4
8.O-O Qd8c7
9.Bc1e3 Nb8d7
10.h3 Bg4xf3
11.Qd1xf3 e5
12.fxe5 dxe5
13.Ra1c1 exd4
14.Be3xd4 Nd7e5
15.Bd4xe5 Qc7xe5
16.g4 Ra8d8
17.Bd3e2 Qe5d4
18.Kh1 h6
19.Rc1d1 Qd4b6
20.e5 Nf6d7
21.Nc3e4 Nd7xe5
22.Qf3g3 Rd8xd1
23.Rf1xd1 Qb6xb2
24.Rd1d2 Qb2b1
25.Kg2 Qb1xe4
26.Be2f3 Ne5xf3
27.Qg3xf3 Qe4xc4
28.Rd2d7 Rf8e8
29.h4 Re8e2
30.Kh3 Qc4xa2
{ resign }
0-1

[Event "Tourn. n8465"]
[Site "www.chess-mail.com"]
[Date "2015.12.23"]
[Round "1"]
[White "Liencam2"]
[Black "Ssharp"]
[WhiteElo "2300"]
[BlackElo "2230"]
[Result "1-0"]
[Round "1"]
1.e4 e6
2.Qd1e2 e5
3.g3 Nb8c6
4.c3 Ng8f6
5.Bf1g2 Bf8e7
6.f4 d6
7.Ng1f3 Bc8g4
8.d3 h6
9.h3 Bg4d7
10.f5 Nc6b8
11.Nb1a3 c5
12.Bc1e3 Nb8c6
13.Na3c2 a5
14.Be3f2 b5
15.d4 cxd4
16.cxd4 b4
17.Ra1d1 O-O
18.dxe5 dxe5
19.O-O Qd8c7
20.Rd1d2 Rf8d8
21.Rf1d1 Bd7e8
22.Nf3h4 Rd8xd2
23.Rd1xd2 Ra8d8
24.Nc2e3 Rd8xd2
25.Qe2xd2 Qc7d8
{ time. }
1-0